000
00266nam a22001217a 4500
003
SGT
082
_a
340
_b
T15T
100
_a
THAPAR, ROMILA
245
_a
THE PUBLIC INTELLECTUAL IN INDIA
260
_b
ALEPH BOOK COMPANY
_c
2015
300
_a
170
942
_2
ddc
_c
BK
999
_c
31919
_d
31919